15 principales países con muertes de Covid-19 - 7 julio 2021 - Estadísticas

Estadísticas generales
  • Esta prueba ha sido intentada 14 veces
  • La puntuación promedio es 15 de 24
Estadísticas de respuestas
país % Correcto
Colombia
100%
Estados Unidos
100%
India
100%
México
100%
Argentina
93%
Brasil
93%
España
93%
Alemania
86%
Francia
86%
Italia
86%
Perú
86%
Reino Unido
79%
Rusia
79%
Irán
64%
Polonia
64%
Bélgica
43%
Croacia
29%
Eslovaquia
29%
Eslovenia
29%
Hungría
29%
Bosnia y Herzegovina
21%
Bulgaria
21%
Chequia
21%
Macedonia del Norte
7%
No se encontraron pruebas coincidentes
Distribución de puntuación
Porcentaje de gente con cada puntuación
Porcentaje por número respondido
Historial de tus puntuaciones
No has intentado esta prueba.